Quiz o krajobrazach kulturowych polski - Statystyki

Ogólne statystyki
  • Ten quiz został rozwiązany 72 razy
  • Średni wynik to 7 z 12
Statystyki odpowiedzi
Zagadnienie Odpowiedź % Poprawnych
W co bogate są tereny o krajobrazie wiejskim? Kulturę i tradycję
86%
Lotniska zaliczają się do krajobrazu Komunikacyjnego
81%
Krajobrazem o największej różnorodności kultur religii etc. jest Wielkomiejski
81%
Z czego słyną krajobrazy małomiasteczkowe? Zabytków
81%
Typ krajobrazu w którym spotkać moża stocznie czy elektrownie wodne to Krajobraz wodogospodarczy
71%
Który z tych krajobrazów kulturowych odznacza się bardzo dużym stopniem degradacji terenu? Górniczy
67%
Oprócz pól uprawnych, co jeszcze można napotkać na terenach o krajobrazie wiejskim? Pastwiska
67%
Który z krajobrazów posiada zabudowę historyczną? Oba podane
62%
Typ krajobrazu którego cechy charakterystyczne są powiązane z transportem, to Krajobraz komunikacyjny
48%
W którym z podanych krajobrazów napotkać można hałdy? W obu
43%
Dla jakich miejsc charakterystyczny jest krajobraz podmiejski? Miast satelitów
29%
W którym z podanych krajobrazów najwięcej zieleni tworzą parki i skwery? Wielkomiejskim
29%
Nie znaleziono quizów pasujących do podanych kryteriów
Rozkład punktacji
Procent ludzi z każdym wynikiem
Percentyl według liczby udzielonych odpowiedzi
Twoja historia wyników
Nie rozwiązałeś tego quizu